| 000 | 00921nam a2200229Ia 4500 | ||
|---|---|---|---|
| 003 | OSt | ||
| 005 | 20210419141154.0 | ||
| 008 | 210310s2006 ck gr 000 0 spa d | ||
| 040 |
_aCO-JMCR _cCO-JMCR |
||
| 041 | 0 | _aspa | |
| 082 | 0 | 4 |
_a382.861073 / _bC718t _223 |
| 110 | 2 |
_aColombia. _bMinisterio de Comercio, Industria y Turismo _936971 |
|
| 245 | 1 | 0 |
_aTratado de Libre Comercio : _bColombia - Estados Unidos / _cMinisterio de Comercio, Industria y Turismo |
| 250 | _aPrimera edición | ||
| 260 |
_aBogotá : _bPanamericana, _c2006. |
||
| 300 |
_b2 volúmenes : _c24 cm. |
||
| 500 | _a0 | ||
| 505 |
_gv.1 / _rExposición de motivos. -- _gv.2 / _rLista de desgravaciones bienes agrícolas de Colombia. -- Lista de desgravaciones bienes agrícolas de Estados Unidos. |
||
| 650 | 1 | 4 |
_aTratado de libre comercio. _zColombia. _936972 |
| 650 | 2 | 4 |
_aTratado de libre comercio _zEstados Unidos. _936973 |
| 942 |
_2ddc _cBK |
||
| 999 |
_c11504 _d11504 |
||